000 00617cam a22002171 4500
001 ca 34000115
003 DLC
005 20260227111130.0
008 881214s1933 wyuc 000 0 eng
010 _aca 34000115
035 _a(OCoLC)18897136
040 _aDLC
_cRPB
_dRPB
_dDLC
042 _apremarc
050 0 0 _aPS3543.A452
_bB4 1933
082 _a818.5
100 1 _aVan Burgh, Lillian L. McBride.
245 1 0 _aBehind the smiles,
_cby Lillian L. McBride-Van Burgh.
260 _a[Casper, Wyo.,
_bPrairie Publishing Company,
_cc1933]
300 _a73 p. incl. port.
_c15 cm.
500 _aPoetry and prose.
999 _c17229
_d17229